000 00730nam a2200253Ia 4500
003 OSt
005 20220923225514.0
006 a|||||r|||| 00| 0
007 ta
008 220922b |||||||| |||| 00| 0 hin d
024 _a269,598
037 _cTextual
040 _aARTS
_cARTS
_bhin
041 _2hin
_ahin
082 _aQ23:31, 152M9
100 _aपाण्डेय, रमा
245 0 _aपरम शिव
246 _aParam shiva
260 _aवाराणसी
_b विजय प्रकाशन मंदिर
_c1989
300 _a216पृ.
_ccm.
650 _aधर्म
942 _hQ23:31, 152M9
_cTEXL
_2CC
999 _c378676
_d378676